000 00258nam a2200109Ia 4500
100 _aMonday/ c.
942 _cBK
245 _aCapstan & Turret lathe Practice.
260 _bMAchinerys Standard Reference Series
_c2001
082 _a621.942
546 _aENGLISH
999 _c33463
_d33463